The literary man's Bible. (Record no. 3349)

000 -LEADER
fixed length control field 00591nam a2200193 a 4500
001 - CONTROL NUMBER
control field :::00001079$&:&@@
003 - CONTROL NUMBER IDENTIFIER
control field OkBaRHE
005 - DATE AND TIME OF LATEST TRANSACTION
control field 20000607103241.0
008 - FIXED-LENGTH DATA ELEMENTS--GENERAL INFORMATION
fixed length control field s1907 j 000 0 eng u
040 ## - CATALOGING SOURCE
Transcribing agency
100 1# - MAIN ENTRY--PERSONAL NAME
Personal name Courtney, W. L.
245 14 - TITLE STATEMENT
Title The literary man's Bible.
260 ## - PUBLICATION, DISTRIBUTION, ETC. (IMPRINT)
Place of publication, distribution, etc New York, NY., :
Name of publisher, distributor, etc Thomas Y. Crowell and Company
Date of publication, distribution, etc c1907
300 ## - PHYSICAL DESCRIPTION
Extent 414 p. ;
Dimensions 21 cm.
650 ## - SUBJECT ADDED ENTRY--TOPICAL TERM
Topical term or geographic name as entry element Bible Old Testament
General subdivision Introduction
650 ## - SUBJECT ADDED ENTRY--TOPICAL TERM
Topical term or geographic name as entry element Bible as Literature
942 ## - ADDED ENTRY ELEMENTS (KOHA)
Source of classification or shelving scheme
Koha item type Books
Copies
Not for loan Permanent Location Source of classification or shelving scheme Date last seen Full call number Price effective from Withdrawn status Date acquired Lost status Damaged status Copy number Koha item type Barcode Shelving location
 RHEMA Bible Training College 2010-04-14BS 535 .C62010-04-14 2010-04-14  1Books1079General Stacks